000 00300nam a2200133Ia 4500
005 20251222155211.0
008 251222s9999||||xx |||||||||||||| ||spa||
082 _aREL.92
100 _aMINOR B.A.C.
245 0 _aVATICANO II Documentos
250 _a1ra. ed.
264 _bCatólica
942 _cLIB
999 _c40283
_d40283